Paroles - Les Champs Elysées, Joe Dassin - Statistiques

Statistiques générales
  • Ce quiz a été pris 2 861 fois
  • Le résultat moyen est 165 sur 194
Statistiques - réponses
Paroles % Correct
à
99%
a
99%
Champs
98%
Au
97%
au
97%
Élysées
97%
Elysées
97%
la
97%
ou
97%
ce
96%
Je
95%
je
95%
Aux
94%
aux
94%
Il
94%
il
94%
le
94%
sur
92%
de
91%
et
91%
Et
91%
midi
91%
minuit
91%
qui
91%
qui,
91%
coeur
90%
l'avenue,
90%
l'avenue
90%
que
90%
sous
90%
tout
90%
vous
90%
y
90%
n'importe
89%
N'importe
89%
pluie
89%
soleil,
89%
toi
89%
voulez
89%
fut
88%
l'inconnu
88%
ouvert
88%
dit
87%
par
87%
quoi
87%
pour
86%
t'ai
86%
te
86%
bonjour
85%
dire
85%
envie
84%
m'baladais
84%
J'avais
83%
parler
83%
t'apprivoiser
83%
suffisait
81%
un
79%
dans
78%
matin"
78%
matin
78%
des
77%
du
77%
on
77%
soir
77%
soir,
77%
pas
76%
avec
75%
chanté
73%
fous
73%
main
73%
même
73%
Tu
73%
dansé
72%
pensé
72%
s'embrasser
72%
guitare
70%
"J'ai
70%
m'as
70%
rendez-vous
69%
sous-sol
67%
Alors
65%
n'a
65%
accompagnée,
59%
l'on
59%
vivent
56%
Hier
55%
nuit
55%
Concorde,
54%
deux
54%
amoureux
52%
inconnus
51%
les
51%
longue
50%
cordes
48%
étourdis
48%
chantent
47%
jour
47%
mille
47%
orchestre
47%
l'amour
46%
l'Étoile
45%
Tous
45%
oiseaux
37%
point
27%
Aucun quiz correspondant
Distribution des résultats
% des personnes avec chaque résultat
Percentile par nombre de réponses
Votre historique - résultats
Vous n’avez pas pris ce quiz